| 000 | 01362nam a2200337Ka 4500 | ||
|---|---|---|---|
| 001 | 9135 | ||
| 003 | BD-RjUL | ||
| 005 | 20211208234725.0 | ||
| 008 | 140120s1931 dcuab o f000 0 eng d | ||
| 035 | _a(BD-RjUL)9180 | ||
| 040 |
_aOCLCE _beng _cBD-RjUL _dBD-RjUL |
||
| 041 | _aeng | ||
| 082 | 4 |
_a382.061 _bBRJ 1931 |
|
| 100 | 1 |
_aBratter, Herbert M. _q(Herbert Max), _d1900-1976. _928349 |
|
| 245 | 1 | 0 |
_aJapanese banking / _cby Herbert M. Bratter. |
| 260 |
_aWashington : _bUnited States Government Printing Office, _c1931. |
||
| 300 |
_av, 295 p. : _bill. ; _c25 cm. |
||
| 490 | 1 |
_aTrade promotion series ; _vno. 116 |
|
| 500 | _aAt head of title: U.S. Department of Commerce. R.P. Lamont, secretary. Bureau of Foreign and Domestic Commerce. William L. Cooper, director. | ||
| 500 | _a"Foreign banks in Japan": p. 266-272. | ||
| 504 | _a"List of principal sources": p. 288-291. | ||
| 506 |
_3Use copy _fRestrictions unspecified _2star _5MiAaHDL |
||
| 650 | 0 |
_aBanks and banking _zJapan. _98068 |
|
| 830 | 0 |
_vno. 116. _981232 |
|
| 710 | 1 |
_aUnited States. _bBureau of Foreign and Domestic Commerce. _928351 |
|
| 776 | 1 |
_cOriginal _w(DLC) 31026850 _w(OCoLC)4520973 |
|
| 830 | 0 |
_aTrade promotion series ; _928352 |
|
| 856 | 4 | 0 |
_3HathiTrust Digital Library _uhttp://catalog.hathitrust.org/api/volumes/oclc/4520973.html |
| 942 |
_2ddc _cBK |
||
| 999 |
_c9135 _d9135 |
||